000 00464nam a2200181Ia 4500
001 1717
005 20260306143749.0
008 260306t2004||||xx |||||||||||||| ||spa||
041 _aESP
082 _a155.2
_bP48
100 _aPeterson, Christopher
_eAUT
245 0 _aCharacter strengths and virtues:
_ba handbook and classification
260 _c2004
300 _axiv, 800 páginas :
_c26 cm.
650 _aGEN
654 _aCPS
942 _cLIB
_dJUS
_fJUS
_2ddc
_n
999 _c1717
_d1717